Statistiques concernant Pays les plus jeunes

Cliquez ici pour prendre le quiz!

Statistiques générales

  • Ce quiz a été pris 349 fois
    (273 depuis la dernière actualisation)
  • Le résultat moyen est 31 sur 62

Statistiques - réponses

Création / IndépendancePays% Correct
2008 - 17 FévrierKosovo
80%
2011 - 9 JuilletSoudan du Sud
77%
1991 - 20 AoûtEstonie
72%
2006 - 3 JuinMonténégro
72%
1991 - 24 AoûtUkraine
72%
1990 - 11 MarsLituanie
70%
1992 - 5 MarsBosnie-Herzégovine
69%
1990 - 4 MaiLettonie
69%
1991 - 8 SeptembreMacédoine du Nord
69%
1991 - 25 JuinCroatie
68%
1991 - 25 AoûtBiélorussie
66%
1993 - 1er JanvierSlovaquie
66%
1991 - 25 JuinSlovénie
65%
1991 - 27 AoûtMoldavie
63%
1991 - 9 SeptembreTadjikistan
63%
1991 - 31 AoûtOuzbékistan
61%
1991 - 27 OctobreTurkménistan
61%
1991 - 2 AvrilGéorgie
59%
1990 - 23 SeptembreArménie
58%
2002 - 20 MaiTimor Oriental
54%
1970 - 10 OctobreFidji
53%
1980 - 30 JuilletVanuatu
53%
1984 - 1er JanvierBrunei
52%
1991 - 16 DécembreKazakhstan
52%
1991 - 31 AoûtKirghizistan
52%
1994 - 1er OctobrePalaos
52%
1970 - 4 JuilletTonga
52%
1978 - 1er OctobreTuvalu
52%
1986 - 3 NovembreMicronésie
51%
1991 - 18 OctobreAzerbaïdjan
50%
1979 - 12 JuilletKiribati
50%
1986 - 21 OctobreIles Marshall
49%
1977 - 27 JuinDjibouti
48%
1993 - 24 MaiErythree
48%
1971 - 3 SeptembreQatar
47%
1993 - 1er JanvierRépublique Tchèque
47%
1974 - 7 FévrierGrenade
46%
1978 - 7 JuilletIles Salomon
45%
1978 - 3 NovembreDominique
44%
1979 - 22 FévrierSainte-Lucie
44%
1979 - 27 OctobreSaint-Vincent-et-les-Grenadines
44%
1971 - 15 AoûtBahreïn
43%
1971 - 26 MarsBangladesh
41%
1975 - 5 JuilletCap-Vert
41%
1983 - 19 SeptembreSaint-Christophe-et-Niévès
41%
1976 - 29 JuinSeychelles
41%
1981 - 1er NovembreAntigua-et-Barbuda
40%
1981 - 21 OctobreBelize
40%
1975 - 6 JuilletComores
40%
1975 - 30 AvrilViêt-Nam
40%
1990 - 22 MaiYémen
40%
1973 - 10 JuilletBahamas
39%
1975 - 12 JuilletSao Tomé-et-Principe
36%
1972 - 22 MaiSri Lanka
32%
1971 - 2 DécembreEmirats Arabes Unis
30%
1975 - 25 NovembreSuriname
30%
1975 - 11 NovembreAngola
29%
1990 - 21 MarsNamibie
29%
1975 - 25 JuinMozambique
28%
1974 - 10 SeptembreGuinée-Bissau
26%
1975 - 16 SeptembrePapouasie-Nouvelle-Guinée
24%
1980 - 18 AvrilZimbabwe
23%

Distribution des résultats

Percentile par nombre de réponses

% des personnes avec chaque résultat

Votre développement - résultats

Vous n’avez pas pris ce quiz depuis la dernière actualisation